El realismo literario /
Ensayo sobre la corriente estética del realismo en la literatura, cuya definición y problematización se encuentra ya en la Poética de Aristóteles y que ha sido aplicable sobre todo a los géneros narrativos. Carmelo M. Bonet no circunscribe el realismo a alguna etapa específica de la historia de la l...
Furkejuvvon:
| Váldodahkki: | |
|---|---|
| Materiálatiipa: | Girji |
| Giella: | espánnjágiella |
| Almmustuhtton: |
Buenos Aires, Argentina :
Nova,
1958, c1958
|
| Ráidu: | (Compendios Nova de Iniciación Cultural ;
20) |
| Fáttát: | |
| Fáddágilkorat: |
Eai fáddágilkorat, Lasit vuosttaš fáddágilkora!
|
MARC
| LEADER | 00000nam^a2200000^a^4500 | ||
|---|---|---|---|
| 001 | 000142163 | ||
| 005 | 20250521000000.0 | ||
| 009 | 20260310095639.487 | ||
| 037 | |a Acervo ITESO - Biblioteca | ||
| 041 | |a ESP | ||
| 082 | |a 809. 3 |b BON | ||
| 100 | |a Bonet, Carmelo M. |e (autor) | ||
| 245 | 1 | 3 | |a El realismo literario / |c C.M. Bonet. |
| 264 | 4 | |a Buenos Aires, Argentina : |b Nova, |c 1958, c1958 | |
| 300 | |a 150 p. | ||
| 336 | |a texto |b txt |2 rdacontenido | ||
| 337 | |a sin mediación |b n |2 rdamedio | ||
| 338 | |a volumen |b nc |2 rdasoporte | ||
| 440 | 1 | |a (Compendios Nova de Iniciación Cultural ; |v 20) | |
| 520 | |a Ensayo sobre la corriente estética del realismo en la literatura, cuya definición y problematización se encuentra ya en la Poética de Aristóteles y que ha sido aplicable sobre todo a los géneros narrativos. Carmelo M. Bonet no circunscribe el realismo a alguna etapa específica de la historia de la literatura, sino que lo califica como una corriente estética que ha atravesado los siglos sin perder vigencia, y dedica algunos de los últimos pasajes a la presencia de esta tendencia en las letras argentinas y españolas. Catedrático de varias universidades argentinas y colaborador de diversas publicaciones de dicho país, M. Bonet ha escrito también Ensayos literarios (1927); Apuntamientos sobre el arte de escribir (1929); Estética literaria (1930); Palabras... (1935); Gente de novela (1937); Voces argentinas (1940); Escuelas literarias (1956); La técnica literaria y sus problemas (1957) y En torno a la estética literaria (1959). | ||
| 649 | |a XX | ||
| 650 | |a Realismo en la Literatura - |x Historia y Crítica | ||
| 650 | |a Novela - |x Historia y Crítica | ||
| 650 | |a Literatura - |x Historia y Crítica | ||
| 650 | |a Estética | ||
| 650 | |a Ensayos Argentinos | ||
| 650 | |a Literatura Argentina - |y Siglo XX | ||
| 910 | |a Fondo Salvador Reynoso Reynoso | ||
| 920 | |a Impresos - Libros | ||
| 930 | |a Fondos Especiales | ||
| 940 | |a Literatura | ||
| 905 | |a 112 | ||
| 901 | |a 0800015334 |b IT2 |c ESP |u 20250521 | ||
| 902 | |a https://opac.biblio.iteso.mx/vufind/Record/000142163 | ||